| 000 | 00754nam a2200253 a 4500 | ||
|---|---|---|---|
| 001 | 000030107 | ||
| 003 | DO-SdBNP | ||
| 005 | 20250131205119.0 | ||
| 007 | ta | ||
| 008 | 110429s1949 dr r 000 0 spa d | ||
| 040 |
_aDO-SdBNP _bspa _cBNPHU |
||
| 082 | 4 |
_a572.66 _bO13a _222 |
|
| 100 | 1 |
_aObregón y García, J. G. _956801 |
|
| 245 | 1 | 3 |
_aDe albúminas / _cJ.G. Obregón y García. |
| 260 |
_aCiudad Trujillo : _bUASD, _c1949. |
||
| 300 |
_a22 p. ; _c25 cm. |
||
| 490 | 1 |
_aUniversidad de Santo Domingo _v63 |
|
| 590 | _aInventariado, 2018/BT | ||
| 650 | 4 |
_aAlbuminas _956802 |
|
| 710 | 2 |
_aUniversidad de Santo Domingo _937767 |
|
| 830 | 0 |
_aUniversidad de Santo Domingo _954504 _n63 |
|
| 910 | _aValidado. Control de calidad MFF | ||
| 942 |
_2ddc _cLF2 |
||
| 999 |
_c29599 _d29599 |
||